[Event "Groningen"]
[Site "Groningen"]
[Date "1988.??.??"]
[Round "?"]
[White "Douven, Rudy C"]
[Black "Piket, Jeroen"]
[Result "0-1"]
[WhiteElo "2430"]
[BlackElo "2495"]

1.d4 Nf6 2.c4 g6 3.Nc3 Bg7 4.e4 d6 5.Be2 O-O 6.Nf3 e5 7.O-O exd4 8.Nxd4 Re8
9.f3 c6 10.Kh1 Nbd7 11.Bg5 Qa5 12.Bh4 Nh5 13.f4 Nhf6 14.Nb3 Qc7 15.c5 Nxc5
16.Nxc5 dxc5 17.e5 Nd5 18.Nxd5 cxd5 19.Qxd5 Be6 20.Qd2 c4 21.a4 Rab8 22.Rac1 b5
23.b3 a6 24.a5 h6 25.b4 Bf8 26.Qc3 Be7 27.Bf2 Red8 28.Rcd1 Rxd1 29.Bxd1 Qc6
30.Bc2 Rd8 31.Bb6 Rd7 32.Qg3 Kh7 33.f5 Bxf5 34.Rxf5 gxf5 35.Bxf5+ Kh8 36.h3 Rd1+
37.Kh2 c3 38.Bc5 Bxc5 39.bxc5 Qxc5 40.Qf4 Qg1+ 41.Kg3 Qe1+ 42.Kh2 Qd2 43.Qb4 Kg7
44.e6 c2  0-1

[Event "Groningen op"]
[Site "Groningen"]
[Date "1988.??.??"]
[Round "?"]
[White "Peek, Marcel"]
[Black "Romero Holmes, Alfonso"]
[Result "0-1"]
[WhiteElo "2345"]
[BlackElo "2425"]

1.d4 Nf6 2.Nf3 g6 3.c4 Bg7 4.Nc3 O-O 5.e4 d6 6.Be2 Nbd7 7.O-O e5 8.Re1 c6
9.Bf1 a6 10.Rb1 b5 11.b4 exd4 12.Nxd4 Bb7 13.Nb3 Ng4 14.Qxg4 Bxc3 15.Bd2 Bxd2
16.Nxd2 Ne5 17.Qg3 Qf6 18.f4 Nxc4 19.Nxc4 bxc4 20.e5 Qe6 21.f5 Qxf5 22.exd6 c5
23.bxc5 Qxc5+ 24.Qf2 Qxf2+ 25.Kxf2 Bd5 26.Red1 Be6 27.Rbc1 Rfc8 28.Be2 Ra7
29.Bf3 Rd7 30.Rd4 Rcd8 31.Rcd1 c3 32.Bc6 Rxd6  0-1

[Event "Groningen op"]
[Site "Groningen"]
[Date "1988.??.??"]
[Round "?"]
[White "Gurevich, Dmitry"]
[Black "Visser, Yge"]
[Result "1-0"]
[WhiteElo "2475"]
[BlackElo "2295"]

1.d4 Nf6 2.c4 g6 3.Nc3 Bg7 4.e4 d6 5.Be2 c6 6.Nf3 O-O 7.O-O e5 8.d5 cxd5
9.cxd5 Na6 10.Be3 Ng4 11.Bg5 f6 12.Bd2 Nh6 13.Rc1 Nf7 14.Ne1 f5 15.Nd3 fxe4
16.Nxe4 Bf5 17.Qa4 Bh6 18.Bxh6 Nxh6 19.Rc3 Qe7 20.f3 Rac8 21.Ndf2 Bxe4 22.Nxe4 Rxc3
23.bxc3 Qc7 24.Bxa6 Qb6+ 25.Rf2 bxa6 26.Qb4 Rc8 27.Nxd6 Qxb4 28.cxb4 Rc1+
29.Rf1 Rc2 30.Rd1 Nf7 31.Nb7 Rb2 32.a3 a5 33.Nxa5 Nd6 34.Re1 Ra2 35.Re3 Nf5
36.Rd3 Nd6 37.Nc6 e4 38.fxe4 Nxe4 39.h3 Ra1+ 40.Kh2 Nf2 41.Rd4 h5 42.d6 h4
43.Rxh4  1-0

[Event "Hastings op8889"]
[Site "Hastings"]
[Date "1988.??.??"]
[Round "?"]
[White "Arkell, Keith C"]
[Black "Wood, David A"]
[Result "1-0"]
[WhiteElo "2425"]
[BlackElo "2245"]

1.c4 Nf6 2.Nc3 g6 3.d4 Bg7 4.e4 d6 5.Nf3 O-O 6.Be2 e5 7.d5 a5 8.Bg5 h6 9.Bh4 Na6
10.O-O Bd7 11.Nd2 Qe8 12.Nb5 Nh7 13.Rc1 h5 14.f3 Bh6 15.Bf2 Qe7 16.a3 Qg5
17.Be1 h4 18.b4 axb4 19.axb4 f5 20.f4 exf4 21.Nf3 Qe7 22.exf5 Bxf5 23.Nbd4 Bd7
24.Ne6 Bxe6 25.dxe6 Qxe6 26.c5 d5 27.b5 Nb8 28.Nd4 Qe7 29.Bf3 Rd8 30.c6 bxc6
31.Nxc6 Nxc6 32.Rxc6 Nf6 33.Qc2 g5 34.Rxc7 Rd7 35.Rxd7 Qxd7 36.Bc3 Kf7 37.Rd1 Rb8
38.Bxd5+ Nxd5 39.Qh7+ Ke8 40.Qh8+ Bf8 41.Qe5+ Kf7 42.Rxd5 Qe6 43.Qxe6+ Kxe6
44.Re5+ Kf7 45.Rxg5 Be7 46.Rf5+ Ke6 47.Re5+ Kd7 48.Bd2 Bf6 49.Rh5 Rf8 50.Kf2 Ke6
51.Kf3 Rc8 52.b6 Rb8 53.Rb5 Rb7 54.Bxf4 Bd8 55.Be3 Kd6 56.Kg4 Kc6 57.Rc5+ Kd6
58.Rc7  1-0

[Event "Hastings op8889"]
[Site "Hastings"]
[Date "1988.??.??"]
[Round "?"]
[White "Dankert, Peter"]
[Black "McDonald, Neil R"]
[Result "0-1"]
[WhiteElo "2255"]
[BlackElo "2375"]

1.d4 Nf6 2.Nf3 g6 3.c4 Bg7 4.Nc3 d6 5.e4 O-O 6.Be2 Nbd7 7.O-O e5 8.d5 Nc5
9.Qc2 a5 10.Bg5 h6 11.Bh4 g5 12.Bg3 Nh5 13.Rfe1 f5 14.Nd2 Nf4 15.Bf1 fxe4
16.Ndxe4 Bf5 17.f3 Kh8 18.Qd2 b6 19.Bf2 Qd7 20.Be3 Rf7 21.Kh1 Nxe4 22.fxe4 Bg4
23.c5 dxc5 24.Bb5 Qd6 25.Rf1 Raf8 26.Rf2 Qg6 27.Raf1 h5 28.g3 Bh6 29.gxf4 gxf4
30.Bxc5 bxc5 31.Rg1 Rg7 32.Qe1 Rfg8 33.Bf1 Bg5 34.Rc2 Qf6 35.Qf2 Bh4 36.Qxc5 f3
37.Rf2 Bh3 38.Rxg7 Qxg7 39.Rxf3 Bg2+  0-1

[Event "Illinois"]
[Site "Illinois"]
[Date "1988.??.??"]
[Round "?"]
[White "Lindsay, Fred"]
[Black "Giles, Morris"]
[Result "1/2-1/2"]
[WhiteElo "2250"]
[BlackElo "2330"]

1.d4 Nf6 2.c4 g6 3.Nc3 Bg7 4.e4 d6 5.Be2 O-O 6.Nf3 e5 7.dxe5 dxe5 8.Qxd8 Rxd8
9.Bg5 Re8 10.O-O-O h6 11.Be3 c6 12.Ne1 Be6 13.Rd2 Nbd7 14.Nc2 Bf8 15.f3 Kg7
16.Rhd1 Bc5 17.Bxc5 Nxc5 18.b4 Ncd7 19.Kb2 a5 20.a3 axb4 21.axb4 Nb6 22.Kb3 Kf8
23.Ne3 Ke7 24.g3 Ra7 25.Ra2 Rxa2 26.Kxa2 Ra8+ 27.Kb3 g5 28.Kc2 Ra3 29.Kb2 Ra8
30.Kc2 Ra3  1/2-1/2

[Event "Israel"]
[Site "Israel"]
[Date "1988.??.??"]
[Round "?"]
[White "Pismany, Vitaly"]
[Black "Elyoseph, Harel"]
[Result "1/2-1/2"]
[WhiteElo "2260"]
[BlackElo "2300"]

1.c4 Nf6 2.Nc3 g6 3.e4 d6 4.d4 Bg7 5.Nf3 O-O 6.Be2 e5 7.dxe5 dxe5 8.Qxd8 Rxd8
9.Nd5 Nxd5 10.cxd5 c6 11.Bc4 b5 12.Bb3 Bb7 13.Bg5 Rd7 14.dxc6 Bxc6 15.Nd2 Na6
16.Rc1 Nb4 17.Ke2 Bb7 18.f3 a5 19.a4 bxa4 20.Bxa4 Ba6+ 21.Nc4 Rd4 22.b3 Nd3
23.Rc2 Nc5 24.Ra1 Rb8 25.Kf2 Nd3+  1/2-1/2

[Event "JUG-ch"]
[Site "?"]
[Date "1988.??.??"]
[Round "?"]
[White "Osterman, Rudolf"]
[Black "Strikovic, Aleksa"]
[Result "0-1"]
[WhiteElo "2295"]
[BlackElo "2450"]

1.d4 g6 2.c4 Bg7 3.Nc3 d6 4.e4 Nf6 5.Nf3 O-O 6.Be2 e5 7.O-O Nbd7 8.Qc2 c6
9.Rd1 Qe7 10.d5 c5 11.Rb1 Nh5 12.g3 Ndf6 13.a3 h6 14.b4 b6 15.bxc5 bxc5 16.Bd2 Nh7
17.Qc1 f5 18.Nh4 Qf7 19.exf5 gxf5 20.Nb5 Rd8 21.Ba5 Rd7 22.Bxh5 Qxh5 23.Nc7 Rxc7
24.Bxc7 Bf6 25.Bxd6 Bxh4 26.Bxe5 Ng5 27.Rd3 Nh3+ 28.Kf1 f4 29.gxh4 Qxe5 30.Qc3 Qe4
31.Re1 Qh1+ 32.Ke2 Qg2  0-1

[Event "JUG-ch"]
[Site "?"]
[Date "1988.??.??"]
[Round "?"]
[White "Sokolov, Ivan"]
[Black "Cvitan, Ognjen"]
[Result "1-0"]
[WhiteElo "2545"]
[BlackElo "2520"]

1.d4 Nf6 2.c4 g6 3.Nc3 Bg7 4.e4 d6 5.Nf3 O-O 6.Be2 e5 7.Be3 h6 8.O-O Ng4
9.Bc1 Nc6 10.d5 Nd4 11.Nxd4 exd4 12.Nb5 Qh4 13.Bf4 Ne5 14.g3 Qe7 15.Nxd4 Nxc4
16.Bxc4 Qxe4 17.Be3 Bh3 18.Qf3 Qxf3 19.Nxf3 Bxf1 20.Rxf1 a6 21.Bd3 Rfe8 22.b3 Re7
23.Kg2 Rae8 24.Bd2 Rc8 25.Rc1 Kf8 26.h4 h5 27.Bf4 Rd7 28.b4 Ra8 29.Bg5 Bb2
30.Bc2 Ba1 31.b5 Kg7 32.bxa6 bxa6 33.a4 Bf6 34.Bd2 Re7 35.a5  1-0

[Event "JUG-ch"]
[Site "?"]
[Date "1988.??.??"]
[Round "?"]
[White "Lalic, Bogdan"]
[Black "Strikovic, Aleksa"]
[Result "1/2-1/2"]
[WhiteElo "2495"]
[BlackElo "2450"]

1.d4 Nf6 2.c4 g6 3.Nc3 Bg7 4.e4 d6 5.Nf3 O-O 6.Be2 e5 7.Be3 h6 8.O-O Ng4
9.Bc1 Nd7 10.h3 exd4 11.Nxd4 Ngf6 12.Be3 Re8 13.Qc2 Nc5 14.Bf3 Nh7 15.b4 Ne6
16.Rad1 Nhg5 17.Bg4 Nxd4 18.Bxd4 Bxg4 19.hxg4 Bxd4 20.Rxd4 Ne6 21.Rdd1 Qg5
22.Qd2 a5 23.f4 Qh4 24.e5 dxe5 25.fxe5 Red8 26.Nd5 c6 27.Nf6+ Kg7 28.Qc3 Rxd1
29.Rxd1 axb4 30.Qf3 Ra3 31.Qf1 Re3 32.Ne8+ Kf8 33.Nd6 Ng5 34.Qf6 Nh3+ 35.Kf1 Qxf6+
36.exf6 Ng5 37.Nxb7 Re6 38.Rd8+ Re8 39.Rd6 Rc8 40.Nc5 Ke8 41.Kg1 Ne6 42.Nxe6  1/2-1/2

[Event "JUG-ch"]
[Site "?"]
[Date "1988.??.??"]
[Round "?"]
[White "Paunovic, Dragan"]
[Black "Strikovic, Aleksa"]
[Result "1-0"]
[WhiteElo "2400"]
[BlackElo "2450"]

1.d4 Nf6 2.c4 g6 3.Nc3 Bg7 4.e4 d6 5.Nf3 O-O 6.Be2 e5 7.d5 a5 8.Bg5 h6 9.Bh4 Na6
10.Nd2 Qe8 11.a3 Bd7 12.b3 Nh7 13.Rb1 h5 14.f3 Bh6 15.Bf2 c5 16.dxc6 bxc6
17.c5 Nxc5 18.Nc4 Qe7 19.Qxd6 Qxd6 20.Nxd6 Ne6 21.Bc4 Nd4 22.O-O Ng5 23.f4 Nge6
24.fxe5 Nc2 25.Rbd1 Nxa3 26.Na4 Ng5 27.h4 Ne6 28.Nb6 Ra7 29.Nxd7 Rxd7 30.Bxe6 fxe6
31.Nf5 gxf5 32.Rxd7 fxe4 33.Bc5 Rxf1+ 34.Kxf1 Nb1 35.Ke1 Bf4 36.Bb6 Bg3+
37.Kf1 Nc3 38.Bxa5 Nd5 39.Be1 Bxe5 40.g3 Ne3+ 41.Ke2 Nd5 42.Bf2 Kf8 43.Ra7 Nf6
44.Bc5+ Kg8 45.Re7 Bxg3 46.Rxe6 Bxh4 47.Rxc6 Kf7 48.Bf2 Bg5 49.Be3 Bh4 50.Bf2 Bg5
51.Be3 Bh4 52.Bf4 Nd5 53.Be5 Be7 54.Rc4 e3 55.Bf4 h4 56.Bxe3 Nxe3 57.Kxe3 h3
58.Kf2 h2 59.Kg2 Bd6 60.b4 Ke6 61.b5 Kd7 62.b6 Bb8 63.b7 Bc7 64.Rc2  1-0

[Event "Kassel"]
[Site "Kassel"]
[Date "1988.??.??"]
[Round "?"]
[White "Zlotnik, Boris A"]
[Black "Rogic, Davor"]
[Result "1-0"]
[WhiteElo "2430"]
[BlackElo "2295"]

1.c4 Nf6 2.Nf3 g6 3.Nc3 Bg7 4.e4 O-O 5.d4 d6 6.Be2 e5 7.d5 a5 8.Bg5 Na6 9.Nd2 h6
10.Bh4 Qe8 11.Nb5 Nh7 12.O-O f5 13.exf5 Bxf5 14.c5 dxc5 15.d6 g5 16.Bg3 c6
17.Nc3 Nb4 18.Nde4 Nf6 19.Nxc5 b6 20.N5a4 Nd7 21.b3 Nc2 22.Rc1 Nd4 23.Bg4 Qe6
24.Bxf5 Rxf5 25.Ne4 Bf8 26.Re1 Rc8 27.Nxg5 Qxd6 28.Ne4 Qg6 29.Re3 Bg7 30.Nb2 h5
31.Rcc3 Kh7 32.Nc4 Bh6 33.Ncd6 Bxe3 34.Nxf5 Bxf2+ 35.Bxf2 Qxf5 36.Nd6 Qg4
37.Qd3+ Kh8 38.h3 Qg8 39.Nxc8 Nc5 40.Qd1 Qg6  1-0

[Event "Kecskemet"]
[Site "Kecskemet"]
[Date "1988.??.??"]
[Round "?"]
[White "Videki, Sandor"]
[Black "Watson, William N"]
[Result "0-1"]
[WhiteElo "2445"]
[BlackElo "2500"]

1.d4 Nf6 2.c4 g6 3.Nc3 Bg7 4.e4 d6 5.Nf3 O-O 6.Be2 c6 7.O-O e5 8.dxe5 dxe5
9.Qxd8 Rxd8 10.h3 Nh5 11.Be3 Nf4 12.Rfd1 Nxe2+ 13.Nxe2 Re8 14.Rac1 Na6 15.Nc3 f5
16.Rc2 f4 17.Bc1 Bf6 18.b3 g5 19.Ba3 h5 20.Ne1 Be6 21.Nd3 g4 22.hxg4 hxg4
23.Na4 b6 24.Bb2 Rad8 25.Rcd2 Bf7 26.f3 g3 27.Kf1 Nb8 28.Ke2 Kg7 29.Bc3 c5
30.Ne1 Rc8 31.Bb2 Nc6 32.Nc3 Nd4+ 33.Kd3 b5 34.Nd5 Bxd5 35.exd5 Nf5 36.Nc2 Nd6
37.Na3 b4 38.Nb5 e4+ 39.fxe4 Nxe4 40.Bxf6+ Kxf6 41.Rf1 Nxd2 42.Kxd2 Re4  0-1

[Event "Kecskemet"]
[Site "Kecskemet"]
[Date "1988.??.??"]
[Round "?"]
[White "Lukacs, Peter"]
[Black "Watson, William N"]
[Result "1/2-1/2"]
[WhiteElo "2465"]
[BlackElo "2500"]

1.d4 Nf6 2.c4 g6 3.Nc3 Bg7 4.e4 d6 5.Nf3 O-O 6.Be2 e5 7.O-O c6 8.Be3 exd4
9.Nxd4 Re8 10.Qc2 Qe7  1/2-1/2

[Event "Kecskemet"]
[Site "Kecskemet"]
[Date "1988.??.??"]
[Round "?"]
[White "Karolyi, Tibor Jr"]
[Black "Watson, William N"]
[Result "0-1"]
[WhiteElo "2450"]
[BlackElo "2500"]

1.d4 Nf6 2.c4 g6 3.Nc3 Bg7 4.e4 d6 5.Nf3 O-O 6.Be2 e5 7.O-O exd4 8.Nxd4 Re8
9.f3 c6 10.Kh1 Nbd7 11.Bf4 Nh5 12.Bxd6 Qf6 13.Nc2 Nf4 14.c5 Nxc5 15.e5 Qg5
16.g3 Bh3 17.Bxc5 Rad8 18.Ne4 Qf5 19.Nd4 Bg2+ 20.Kg1 Nxe2+ 21.Kxg2 Nxd4 22.Nd6 Rxd6
23.Bxd6 Nc2 24.Qe2 Nxa1 25.Rxa1 Qe6 26.Qd3 Bxe5 27.Re1 Rd8 28.Rxe5 Qxe5  0-1

[Event "Kecskemet"]
[Site "Kecskemet"]
[Date "1988.??.??"]
[Round "?"]
[White "Groszpeter, Attila"]
[Black "Klundt, Klaus"]
[Result "0-1"]
[WhiteElo "2510"]
[BlackElo "2410"]

1.d4 Nf6 2.c4 g6 3.Nc3 Bg7 4.e4 d6 5.Nf3 O-O 6.Be2 e5 7.Be3 Ng4 8.Bg5 f6
9.Bh4 Nd7 10.O-O Nh6 11.Re1 c6 12.Rc1 g5 13.dxe5 gxh4 14.exd6 Ne5 15.c5 Nxf3+
16.Bxf3 Be6 17.Ne2 Qd7 18.Nf4 Kh8 19.Nh5 Rae8 20.b3 h3 21.g3 f5 22.e5 Ng4
23.Qd4 Qf7 24.Nf4 Bd7 25.Nd3 f4 26.gxf4 Qg6 27.Kh1 Qxd3  0-1

[Event "URS-FL56"]
[Site "Klaipeda"]
[Date "1988.??.??"]
[Round "?"]
[White "Magerramov, Elmar"]
[Black "Gelfand, Boris"]
[Result "0-1"]
[WhiteElo "2430"]
[BlackElo "2585"]

1.d4 Nf6 2.c4 g6 3.Nc3 Bg7 4.e4 d6 5.Nf3 O-O 6.Be2 e5 7.Be3 h6 8.O-O Ng4
9.Bc1 Nc6 10.d5 Ne7 11.Nd2 h5 12.b4 f5 13.exf5 gxf5 14.h3 e4 15.Bb2 Ne5 16.f4 exf3
17.Nxf3 N7g6 18.Qd2 Nxf3+ 19.Rxf3 Ne5 20.Rf2 Rf6 21.Qg5 Nf7 22.Qh4 Rh6 23.Qxd8+ Nxd8
24.Rd1 Nf7 25.Bf1 a6 26.c5 Bd7 27.c6 bxc6 28.dxc6 Bxc6 29.Bc4 Bd7 30.Nd5 Bxb2
31.Rxb2 Ra7 32.Bb3 c6 33.Nf4 d5 34.Re2 Nd6 35.Rd4 Kf8 36.h4 Ne4 37.Re3 Ke7
38.Bd1 Kd6 39.Red3 Be8 40.Ba4 Bf7 41.g3 Ke5  0-1

[Event "FRG-ch qual"]
[Site "Koenigslutter"]
[Date "1988.??.??"]
[Round "?"]
[White "Wegner, Hannu"]
[Black "Kauschmann, Herbert"]
[Result "1-0"]
[WhiteElo "2290"]
[BlackElo "2250"]

1.d4 d6 2.c4 g6 3.Nc3 Bg7 4.e4 Nd7 5.Nf3 e5 6.Be2 Ngf6 7.O-O O-O 8.Qc2 c6
9.Rd1 Qc7 10.Rb1 a5 11.b3 Re8 12.a3 Nf8 13.h3 Ne6 14.Be3 c5 15.Nb5 Qb6 16.dxe5 Nd7
17.exd6 Qc6 18.Nh2 h5 19.f4 Nxf4 20.Bxf4 Qxe4 21.Bd3 Qxf4 22.Nc7 Re3 23.Nxa8 b6
24.Nc7 Bd4 25.Kh1 Nf6 26.Rf1 Qxd6 27.Nb5 Qe5 28.Nxd4 cxd4 29.Rf3 Bb7 30.Rxe3 Qxe3
31.Rf1 Nd7 32.Bxg6 fxg6 33.Qxg6+ Kh8 34.Qxh5+ Kg8 35.Qg4+ Kh8  1-0

[Event "FRG-ch qual"]
[Site "Koenigslutter"]
[Date "1988.??.??"]
[Round "?"]
[White "Wegner, Hannu"]
[Black "Haskamp, Stephan"]
[Result "1/2-1/2"]
[WhiteElo "2290"]
[BlackElo "2300"]

1.d4 Nf6 2.Nf3 g6 3.c4 Bg7 4.Nc3 O-O 5.e4 d6 6.Be2 e5 7.O-O Nbd7 8.Qc2 c6
9.Rd1 exd4 10.Nxd4 Qe7 11.Bg5 Nc5 12.f3 h6 13.Bh4 Ne6 14.Nxe6 Bxe6 15.Rd2 g5
16.Bg3 Rfd8 17.Rad1 Ne8  1/2-1/2

[Event "Le Touquet op"]
[Site "Le Touquet"]
[Date "1988.??.??"]
[Round "4"]
[White "Villeneuve, Alain"]
[Black "Parmentier, Xavier"]
[Result "0-1"]
[WhiteElo "2335"]
[BlackElo "2340"]

1.d4 Nf6 2.Nf3 g6 3.c4 Bg7 4.Nc3 O-O 5.e4 d6 6.Be2 e5 7.O-O Nbd7 8.Qc2 c6
9.Be3 Ng4 10.Bg5 f6 11.Bc1 f5 12.dxe5 Ndxe5 13.Nxe5 Bxe5 14.g3 f4 15.Bxf4 Rxf4
16.gxf4 Qh4  0-1

[Event "BKL-Turnier"]
[Site "Leipzig"]
[Date "1988.??.??"]
[Round "?"]
[White "Chekhov, Valery A"]
[Black "Casper, Thomas"]
[Result "1-0"]
[WhiteElo "2455"]
[BlackElo "2420"]

1.d4 Nf6 2.Nf3 d6 3.c4 Nbd7 4.Nc3 e5 5.e4 g6 6.Be2 Bg7 7.O-O O-O 8.Be3 c6
9.d5 cxd5 10.cxd5 Ng4 11.Bd2 Bh6 12.Rc1 a6 13.a4 f5 14.exf5 gxf5 15.h3 Bxd2
16.Qxd2 Ngf6 17.Ng5 Nc5 18.Bc4 Nfe4 19.Ngxe4 Nxe4 20.Nxe4 fxe4 21.Rc3 Qe7
22.Bb3 Bf5 23.Rfc1 Rac8 24.Rxc8 Bxc8 25.Rc4 Qg7 26.Qe3 Bf5 27.Bc2 Qf7 28.Bxe4 Bxe4
29.Rxe4 Qxd5 30.Rg4+ Kh8 31.Qh6 Qf7 32.Qxd6 Qxf2+ 33.Kh2 Qf6 34.Qc7 h5 35.Re4 Re8
36.Qxb7 Re7 37.Qd5 Kh7 38.b4 Qg5 39.Rc4 Rg7 40.Qe4+ Qg6 41.b5 axb5 42.axb5  1-0

[Event "BKL-Turnier"]
[Site "Leipzig"]
[Date "1988.??.??"]
[Round "?"]
[White "Gruenberg, Hans Ulrich"]
[Black "Casper, Thomas"]
[Result "1/2-1/2"]
[WhiteElo "2465"]
[BlackElo "2420"]

1.d4 Nf6 2.c4 d6 3.Nf3 Nbd7 4.Nc3 e5 5.e4 g6 6.Be2 Bg7 7.O-O O-O 8.Be3 c6
9.d5 cxd5 10.cxd5 Ng4 11.Bg5 f6 12.Bh4 Nh6 13.Nd2 Nf7 14.Nc4 Bh6 15.f3 Nb6
16.Na5 Nd7 17.Nc4 Nb6 18.Na5 Nd7  1/2-1/2

[Event "BKL-Turnier"]
[Site "Leipzig"]
[Date "1988.??.??"]
[Round "?"]
[White "Boensch, Uwe"]
[Black "Vogt, Lothar"]
[Result "1/2-1/2"]
[WhiteElo "2575"]
[BlackElo "2460"]

1.d4 Nf6 2.c4 g6 3.Nc3 Bg7 4.e4 d6 5.Be2 O-O 6.Nf3 e5 7.Be3 Ng4 8.Bg5 f6
9.Bh4 Nc6 10.d5 Ne7 11.Nd2 Nh6 12.g4 Nf7  1/2-1/2

[Event "BKL-Turnier"]
[Site "Leipzig"]
[Date "1988.??.??"]
[Round "?"]
[White "Boensch, Uwe"]
[Black "Casper, Thomas"]
[Result "0-1"]
[WhiteElo "2575"]
[BlackElo "2420"]

1.d4 Nf6 2.c4 d6 3.Nc3 Nbd7 4.e4 e5 5.Nf3 g6 6.Be2 Bg7 7.O-O O-O 8.Qc2 c6
9.Rd1 Qe7 10.d5 cxd5 11.cxd5 Ne8 12.Bg5 f6 13.Bh4 Bh6 14.Nd2 Qg7 15.Nc4 f5
16.exf5 Nc5 17.f6 Qf7 18.b4 Bf5 19.Qb2 Ne4 20.Bd3 N4xf6 21.Ne3 Bxd3 22.Rxd3 Bxe3
23.fxe3 g5 24.Bxg5 Qg6 25.e4 Qxg5 26.Rg3 Ng4 27.h3 Nef6 28.hxg4 h5 29.Qc1 Qxc1+
30.Rxc1 Nxg4 31.Rf3 Rac8 32.Rcf1 Rxf3 33.Rxf3 a6 34.a3 Rc4 35.g3 Kg7 36.Kg2 Rd4
37.Kg1 Kg6 38.b5 Rc4 39.Rd3 Nf6 40.bxa6 bxa6 41.Re3 Rd4 42.Kg2 Ng4 43.Re2 Rd3
44.Nb1 Ne3+ 45.Kf2 Ng4+ 46.Kg2 Rb3 47.Nd2 Rb2 48.Kf1 Nf6 49.Nc4 Rxe2 50.Kxe2 Nxe4
51.Kf3 Ng5+ 52.Ke3 Nf7 53.Ke4 Kg5 54.Kf3 e4+ 55.Kxe4 Kg4 56.Ne3+ Kxg3 57.Nf5+ Kg4
58.Ne3+ Kg5 59.a4 Ne5 60.Nf5 Nc4 61.Nd4 Kg4 62.Nc2 h4 63.Kd4 h3  0-1

[Event "Haringey"]
[Site "London"]
[Date "1988.??.??"]
[Round "?"]
[White "Gallagher, Joseph G"]
[Black "Jonsson, Bjorgvin"]
[Result "1/2-1/2"]
[WhiteElo "2445"]
[BlackElo "2375"]

1.d4 Nf6 2.Nf3 g6 3.c4 Bg7 4.Nc3 O-O 5.e4 d6 6.Be2 e5 7.d5 Nbd7 8.O-O Nc5
9.Qc2 a5 10.Bg5 h6 11.Be3 b6 12.Nd2 Ng4 13.Bxg4 Bxg4 14.f3 Bd7 15.b3 f5 16.a3 Qe8
17.b4 Na4 18.Nxa4 Bxa4 19.Qc3 Bd7 20.c5 axb4 21.axb4 Bb5 22.Rxa8 Qxa8 23.Ra1 Qb8
24.Rc1 bxc5 25.bxc5 fxe4 26.Nxe4 Qa8 27.cxd6 cxd6 28.Qd2 Qa6 29.Bxh6 Bd7
30.Bxg7 Kxg7 31.h3 Qb6+ 32.Kh2 Rf4 33.Qc3 Kh6 34.Qc7 Qe3 35.Rc3 Qd4 36.Qxd7 Rxe4
37.Rc8 Rf4 38.Rh8+ Kg5 39.Qe7+ Rf6 40.h4+ Kf5 41.g4+ Kf4 42.Qxf6+ Ke3 43.Qg5+ Ke2
44.Qc1 Qf2+ 45.Kh3  1/2-1/2

[Event "London NWYM"]
[Site "London"]
[Date "1988.??.??"]
[Round "?"]
[White "Rogers, Ian"]
[Black "McNab, Colin Anderson"]
[Result "1-0"]
[WhiteElo "2540"]
[BlackElo "2410"]

1.d4 d6 2.Nf3 g6 3.c4 Bg7 4.Nc3 Nd7 5.e4 e5 6.Be2 Ngf6 7.O-O O-O 8.Be3 a5
9.dxe5 dxe5 10.Nd2 b6 11.Na4 Bb7 12.Qc2 Bc6 13.Rfd1 Qe7 14.Nc3 Rfc8 15.Nd5 Qe6
16.a4 Bf8 17.Nb3 h6 18.c5 bxc5 19.Nxf6+ Qxf6 20.Bd2 Nb6 21.Nxa5 Be8 22.b3 Rcb8
23.Nc4 Kh7 24.Bc3 Nxc4 25.Bxc4 Bd6 26.Rd3 h5 27.h3 Qe7 28.Rad1 f6 29.Bb2 g5
30.Ba3 Bg6 31.Rc3 Ra5 32.Kh1 Kh6 33.Kg1 Qh7 34.Re1 Bf7 35.Rf3 Bxc4 36.Qxc4 Qe7
37.Rd1 Kg6 38.Rc3 Qf7 39.Rd5 Bf8 40.Kf1 c6 41.Rdd3 Qxc4 42.Rxc4 Kf7 43.Ke2 Ke8
44.Rdc3 Kd7 45.Kd1 Kc7 46.Kc2 Kb6 47.Bc1 Kc7 48.Bd2 Be7 49.Rd3 Ra6 50.Be3 Rb4
51.Rxb4 cxb4 52.Rd2 g4 53.Kd3 Ra8 54.Kc4 f5 55.exf5 gxh3 56.gxh3 Rf8 57.a5 Rxf5
58.a6 e4 59.Ra2 Kb8 60.Ra1 c5 61.Rd1 Bh4 62.Bxc5  1-0

[Event "Luxembourg op"]
[Site "Luxembourg"]
[Date "1988.??.??"]
[Round "3"]
[White "Horvath, Gyula"]
[Black "Werner, Dimo"]
[Result "0-1"]
[WhiteElo "2440"]
[BlackElo "2380"]

1.Nf3 Nf6 2.c4 g6 3.Nc3 Bg7 4.e4 O-O 5.d4 d6 6.Be2 Nbd7 7.O-O e5 8.Re1 c6
9.Bf1 a6 10.d5 c5 11.Bg5 h6 12.Bd2 Nh7 13.Qc1 h5 14.g3 Ndf6 15.a3 Kh8 16.b4 b6
17.Rb1 Ng8 18.bxc5 bxc5 19.Na4 Bg4 20.Bg2 Rb8 21.Rxb8 Qxb8 22.Qc2 Bd7 23.Ba5 Ne7
24.Nc3 f5 25.Rb1 Qe8 26.Rb6 Nc8 27.Rxa6 g5 28.Qb2 Qg6 29.Nd2 f4 30.Nb3 Nf6
31.Nc1 h4 32.gxh4 gxh4 33.Kf1 f3 34.Bxf3 Bh3+ 35.Ke2 Qg1 36.Nd3 Bf1+ 37.Kd2 Bh6+
38.Kc2 Ng4 39.Bxg4 Qxg4 40.Qb7 Bxd3+ 41.Kb3 Rxf2 42.Ka4 Bxc4 43.Rc6 Rf8 44.Rc7  0-1

[Event "Lvov"]
[Site "Lvov"]
[Date "1988.??.??"]
[Round "?"]
[White "Lalev, Dimitar"]
[Black "Kupreichik, Viktor D"]
[Result "1/2-1/2"]
[WhiteElo "2430"]
[BlackElo "2510"]

1.d4 Nf6 2.Nf3 g6 3.c4 Bg7 4.Nc3 O-O 5.e4 d6 6.Be2 e5 7.dxe5 dxe5 8.Qxd8 Rxd8
9.Bg5 c6 10.Nxe5 Re8 11.O-O-O Na6 12.Rd6 Be6 13.Nf3 Ng4 14.Nd2 Ne5 15.f4 h6
16.Bh4 g5 17.Bg3 gxf4 18.Bxf4 Ng6 19.Bg3 Bf8 20.Rd3 Nc5 21.Rf3 h5 22.h3 Rad8
23.Rd1 Bc8 24.Kc2 Bh6 25.Rff1 h4 26.Bh2 b6 27.Nb3 Rxd1 28.Rxd1 Nxe4 29.Nxe4 Bf5
30.Nd2 Bxd2 31.Kxd2 Bxe4 32.g3 Kg7 33.gxh4 Nxh4 34.Bg3 Bf3 35.Re1 Bxe2 36.Bxh4  1/2-1/2

[Event "Lvov"]
[Site "Lvov"]
[Date "1988.??.??"]
[Round "?"]
[White "Huzman, Alexander"]
[Black "Kotronias, Vasilios"]
[Result "1/2-1/2"]
[WhiteElo "2490"]
[BlackElo "2465"]

1.Nf3 Nf6 2.c4 g6 3.Nc3 Bg7 4.e4 d6 5.d4 O-O 6.Be2 Nbd7 7.O-O e5 8.Be3 c6
9.d5 Ng4 10.Bg5 f6 11.Bd2 Qe7 12.Qc1 f5 13.Ng5 Ndf6 14.exf5 gxf5 15.h3 Nh6
16.f4 e4 17.Be3 Kh8 18.Qe1 Nhg8 19.Rd1  1/2-1/2

[Event "Lvov"]
[Site "Lvov"]
[Date "1988.??.??"]
[Round "?"]
[White "Lalev, Dimitar"]
[Black "Kotronias, Vasilios"]
[Result "1-0"]
[WhiteElo "2430"]
[BlackElo "2465"]

1.d4 Nf6 2.Nf3 g6 3.c4 Bg7 4.Nc3 O-O 5.e4 d6 6.Be2 Nbd7 7.O-O e5 8.Be3 c6
9.d5 Ng4 10.Bg5 f6 11.Bd2 Qe7 12.b4 Nh6 13.dxc6 bxc6 14.b5 Bb7 15.bxc6 Bxc6
16.Nd5 Bxd5 17.cxd5 Nc5 18.Qc2 Rac8 19.Bc4 Nf7 20.Rab1 Bh6 21.Bb4 f5 22.exf5 gxf5
23.Qxf5 e4 24.Nd4 Ne5 25.Qh5 Qf6 26.Be2 Kh8 27.Bc3 Na4 28.Ba1 Nc3 29.Rb3 Bd2
30.Ba6 Rc5 31.Qh3 Nxd5 32.Rb7 Rc7 33.Qe6 Rxb7 34.Bxb7 Ne3 35.Qxf6+ Rxf6 36.Rb1 N3g4
37.Bxe4 Rxf2 38.h3 Be3 39.Kh1 Nf6 40.Nf5 Kg8 41.Nxd6 Bf4 42.g3 Nf3 43.Rb8+ Kg7
44.Rb7+ Kg8 45.Bd5+  1-0

[Event "Marseille"]
[Site "Marseille"]
[Date "1988.??.??"]
[Round "?"]
[White "Lautier, Joel"]
[Black "Todorcevic, Miodrag"]
[Result "1/2-1/2"]
[WhiteElo "2365"]
[BlackElo "2525"]

1.d4 g6 2.c4 Bg7 3.e4 d6 4.Nc3 Nd7 5.Nf3 e5 6.Be2 Ngf6 7.O-O O-O 8.Re1 a5
9.Bf1 exd4 10.Nxd4 c6 11.Be3 Re8 12.f3 Nc5 13.Qd2 Nfd7 14.b3 Qe7 15.Rad1 Qf8
16.Bf2 Ne5 17.Nc2 f5 18.Nd4 f4 19.a3 a4 20.b4 Nb3 21.Qc2 Nxd4 22.Bxd4 Be6
23.Nxa4 Qf7 24.Nb6 Rxa3 25.Qb2 Ra6 26.Qf2 g5 27.c5 Ra2 28.Re2 dxc5 29.Rxa2 cxd4
30.Ra5 Qc7 31.Na4 Qd6 32.Nc5 Bf7 33.Nd3 b6 34.Nxe5 Bxe5 35.Rxe5 Qxe5 36.Qxd4 Qxd4+
37.Rxd4 Ra8 38.Rd6 Be8 39.b5  1/2-1/2

[Event "Marseille"]
[Site "Marseille"]
[Date "1988.??.??"]
[Round "?"]
[White "Kouatly, Bachar"]
[Black "Todorcevic, Miodrag"]
[Result "0-1"]
[WhiteElo "2440"]
[BlackElo "2525"]

1.d4 g6 2.c4 Bg7 3.Nc3 d6 4.e4 Nd7 5.Nf3 e5 6.Be2 Ngf6 7.O-O O-O 8.Qc2 exd4
9.Nxd4 Re8 10.Be3 c6 11.Rad1 Qe7 12.f3 a6 13.Kh1 Ne5 14.Qd2 Qf8 15.Nc2 Re6
16.Nd4 Re7 17.Nc2 Re6 18.b4 Qe8 19.c5 dxc5 20.bxc5 Re7 21.Na4 Rd7 22.Qb4 Rxd1
23.Rxd1 Be6 24.Qxb7 Rb8 25.Qxa6 Bxa2 26.Nb6 Bb3 27.Rd2 Bxc2 28.Rxc2 Bf8 29.Rd2 Rd8
30.Rxd8 Qxd8 31.Qc8 Qe7 32.Kg1 h5 33.h3 Kh7 34.f4 Bh6 35.Bf3 Bxf4 36.Bxf4 Qxc5+
37.Kf1 Nxf3 38.gxf3 Qxb6 39.Qf8 Qb3 40.Kg2 Nd7 41.Qd8 Qe6 42.Bd2 f6 43.h4 Kg7
44.Bc3 Kf7 45.Qc8 c5 46.Kf2 Qd6 47.Kg2 Ke7 48.Qg8 Qd3 49.Qg7+ Ke6 50.Qg8+ Kd6
51.Ba5 Qe2+ 52.Kg3 Qd1 53.Qc8 Ke7 54.Qd8+ Kf7 55.Bc3 Qd6+ 56.Kg2 Qe7 57.Qc8 Nf8
58.Qc6 Ne6 59.Qd5 Qd8 60.Qc4 Qd1 61.Qa2 Qd6 62.Qa7+ Qe7 63.Qb8 Kg7 64.Qb6 Kh7
65.Qb8 Qf7 66.Qd6 g5 67.hxg5 fxg5 68.Be5 h4 69.Qb8 Kg6 70.Qd6 Kh5 71.Qb8 Nf8
72.Qc8 Ng6 73.Qxc5 Qa2+ 74.Kf1 Qe6 75.Bb8 Qb3 76.f4 Qf3+ 77.Kg1 Nxf4 78.Bxf4 Qxf4
79.Qe7 Kg4 80.e5 Qe3+ 81.Kh2 Qg3+ 82.Kh1 Qe1+ 83.Kh2 Qd2+ 84.Kh1 Qc1+ 85.Kh2 Qc2+
86.Kg1 h3 87.Kf1 Qd1+ 88.Kf2 Qf3+ 89.Ke1 h2  0-1